000 00835nam a2200229 a 4500
003 0
005 20250212083747.0
008 120719s19uu xx 00 eng d
050 _aPGS TS 1095
_b.K22 2012
100 _aKawamura, Yuri R.
245 _aThe use of Water Lily and Banana fiber in making paper /
_cYuri R. Kawamura.
260 _aLas PiƱas City, Philippines :
_bSouthville International School and Colleges,
_c2012.
300 _a25 pages :
_billustrations ;
_c28 cm.
504 _aIncludes bibliographical references.
650 _aPapermaking
_vExperimental methods.
650 _aPlant fibers
_vPaper-- Recycling
650 _aPaper
_vHandicraft.
650 _aFibers
_vIndustrial applications.
650 _aBanana fibe
_vUtilization.
650 _aWater hyacinth
_vIndustrial applications.
942 _2lcc
_cPASS
999 _c98725
_d98725